Dans quels départements sont ces villes de Corse ? - Statistiques

Statistiques générales
  • Ce quiz a été pris 115 fois
  • Le résultat moyen est 9 sur 11
Statistiques - réponses
Hint Réponse % Correct
Bastia Haute Corse
97%
Ajaccio Corse du Sud
93%
Borgo Haute Corse
92%
Porto Vecchio Corse du Sud
91%
Corte Haute Corse
86%
Furiani Haute Corse
81%
Calvi Haute Corse
78%
Bastelicaccia Corse du Sud
73%
Biguglia Haute Corse
71%
Lucciani Haute Corse
62%
Ghisonaccia Haute Corse
56%
Aucun quiz correspondant
Distribution des résultats
% des personnes avec chaque résultat
Percentile par nombre de réponses
Votre historique - résultats
Vous n’avez pas pris ce quiz